| 000 | 00668nam a2200193Ia 4500 | ||
|---|---|---|---|
| 008 | 230921s9999||||xx |||||||||||||| ||und|| | ||
| 020 | _a978-3-319-92480-9 | ||
| 022 | _a2627-602X | ||
| 041 | _aEN | ||
| 100 | _aMarcin Moskalewicz, Ute Caumanns, Fritz Dross | ||
| 245 | 0 | _aJewish Medicine and Healthcare in Central Eastern Europe | |
| 250 | _a1st ed. 2019 | ||
| 260 |
_c2019 _bSpringer International Publishing |
||
| 300 | _b3 | ||
| 440 | _aReligion, Spirituality and Health: A Social Scientific Approach | ||
| 856 | _uhttps://doi.org/10.1007/978-3-319-92480-9 | ||
| 856 | _uhttps://link.springer.com/openurl?genre=book&isbn=978-3-319-92480-9 | ||
| 942 | _cEB | ||
| 999 |
_c253126 _d253126 |
||